| 000 | 00453nam a2200181Ia 4500 | ||
|---|---|---|---|
| 008 | 240925s9999 xx 000 0 und d | ||
| 020 | _a585200183x | ||
| 082 | _a745.51 MAL | ||
| 100 | _aMalakhov, Mikolai | ||
| 245 | 0 | _aFedoskino | |
| 250 | _aNA | ||
| 260 |
_aMicla Teti: _bMilano _c,1990. |
||
| 300 |
_axx,970p. _bNA _fOriginal |
||
| 500 | _aIncludes Index | ||
| 600 | _aSocial Sciences | ||
| 650 | _aThe arts, fine & decorative arts | ||
| 942 | _cBK | ||
| 999 |
_c2895 _d2895 |
||